000 01734nas a2200349 c 4500
003 BLK
005 20180421003107.0
008 180413b bul rap|r|||| |0| c1bulo|
010 _aPRD00000731000
022 _a1313-2024
040 _aBLK
041 _aBUL
_cBUL
080 _aМеждународни политически отношения. Световна политика. Международна политика. Дипломация
_b327
_x
_z327
080 _aИкономически науки в цялост. Политическа икономия. Вж и 338 ; 65
_b330
_x
_z330
110 1 _aМАК Медиа Груп
_eРед. кол. : Йордан Матеев - глав. ред. и др.
_9359589
245 1 0 _aBM BUSINESS MAGAZINE
_bБизнесмен
_cМАК Медиа Груп ; Ред. кол. : Йордан Матеев - глав. ред. и др.
_fНачална год. на издаване: Год. 1, № 1 (2007),
257 _aBGR
260 София
_bМАК медиа Груп
_c2007
_fБез сведение за печ.
300 _c27
310 периодичност: 12
_cдепозит за: 2007
_dдни, в които се получава: 0000000
_eсрок за съхранение: 99
380 _a3
500 _aзабележка:Заб.: Изданието съдържа материали на The Economist Newspaper LTD и The Economist Intelligence Unit .
650 4 _aПолитика
_9166818
650 4 _aИкономика
_9156831
653 _aполитика
653 _aикономика
852 _aБ 1826
856 _qpdf
_u
856 _qpdf
_u
942 _cJOU
_n0
_s1
944 _aCR
_cВаня_Йорданова
_k18.03.2008
944 _aED
_c
_k16.05.2012
999 _c293465
_d293465